| 000 | 00434nam a22001457a 4500 | ||
|---|---|---|---|
| 003 | SGT | ||
| 082 |
_a617.84 _bE22K |
||
| 100 | _aKATARIA, JYOTI | ||
| 245 | _aEffect Of Mechanical Neck Pain With Forward Head Posture On Scapula Position Neck Disability and Quality Of Life in School Teachers In New Delhi | ||
| 260 |
_aGURUGRAM _bSGT UNIVERSITY _c2022 |
||
| 300 | _a141 | ||
| 650 | _aPHYSIOTHERAPY | ||
| 653 | _aPHD | ||
| 942 |
_2ddc _cTH |
||
| 999 |
_c26467 _d26467 |
||